000 00342nam a2200157Ia 4500
100 _aErickson/Martin
650 _aNumber theory
942 _cBK
366 _f20
245 _aIntroduction to number theory
260 _bChapman and Hall
_c2010
082 _a512.7
_bERI
300 _a521
546 _aENGLISH
_cproduction
999 _c26007
_d26007